[Event "XIX Open Ricciardi"]
[Site "Gallarate ITA"]
[Date "2015.06.09"]
[Round "4"]
[White "Colusso, Ermes"]
[Black "Milu, Tatiana"]
[WhiteElo "1752"]
[BlackElo "1629"]
[Result "1/2-1/2"]
[PlyCount "110"]
[EventDate "2015.05.19"]

1. e4 d6 2. d4 Nf6 3. Nc3 g6 4. f4 Bg7 5. Nf3 c6 6. h3 b6 7. Be3 e6 8. Qd2 Qe7
9. O-O-O b5 10. e5 Nd5 11. Nxd5 exd5 12. Bd3 O-O 13. g4 dxe5 14. dxe5 a5 15.
Nd4 Bd7 16. Rhe1 Rc8 17. Bf2 Bh6 18. g5 Bf8 19. f5 c5 20. e6 cxd4 21. exd7 Qxd7
22. Bxd4 b4 23. fxg6 hxg6 24. b3 Nc6 25. Bb2 Qc7 26. Bb5 Bg7 27. Bxc6 Qxc6 28.
Bxg7 Kxg7 29. Qd4+ Kg8 30. Re2 Qc3 31. Qxc3 Rxc3 32. Red2 Rac8 33. Kb1 R8c5 34.
h4 d4 35. Rf1 Rc7 36. Rf4 d3 37. cxd3 Rc1+ 38. Kb2 Rh1 39. Rc4 Re7 40. d4 Rxh4
41. d5 Rxc4 42. bxc4 Rc7 43. d6 Rd7 44. c5 Kf8 45. Re2 a4 46. Re4 f6 47. gxf6
g5 48. Rg4 Kf7 49. Rxg5 Kxf6 50. Rh5 Ke6 51. Rg5 Rf7 52. Rg2 Kd5 53. Rc2 Kc6
54. Rc4 Rf2+ 55. Rc2 Rf7 1/2-1/2

[Event "XIX Open Ricciardi"]
[Site "Gallarate ITA"]
[Date "2015.06.08"]
[Round "4"]
[White "Garcia Rubi, Juan"]
[Black "Cova, Ennio"]
[WhiteElo "1422"]
[BlackElo "1622"]
[Result "0-1"]
[PlyCount "78"]
[EventDate "2015.05.19"]

1. e4 e5 2. Nf3 Nc6 3. Bb5 a6 4. Ba4 Nf6 5. O-O b5 6. Bb3 Be7 7. Re1 O-O 8. c3
d5 9. exd5 e4 10. dxc6 exf3 11. gxf3 Bf5 12. d4 Re8 13. Bf4 Bd6 14. Rxe8+ Nxe8
15. Bxd6 Qxd6 16. d5 Qg6+ 17. Kh1 Nd6 18. Nd2 Re8 19. Nf1 Bh3 20. Ng3 h5 21.
Bc2 Qg5 22. Qg1 Qxd5 23. Ne4 Nxe4 24. Bxe4 Rxe4 25. Qg3 Re6 26. Qxh3 h4 27. Qg4
Qxc6 28. Rg1 Rg6 29. Qc8+ Kh7 30. Rxg6 fxg6 31. Qg4 Qf6 32. h3 Kh6 33. f4 g5
34. Qxg5+ Qxg5 35. fxg5+ Kxg5 36. Kg2 Kf4 37. b4 g5 38. a3 c6 39. f3 Ke3 0-1

[Event "XIX Open Ricciardi"]
[Site "Gallarate ITA"]
[Date "2015.06.09"]
[Round "4"]
[White "Mazzarone, Maurizio"]
[Black "Cunati, Valerio"]
[WhiteElo "1935"]
[BlackElo "1699"]
[Result "1-0"]
[PlyCount "46"]
[EventDate "2015.05.19"]

1. d4 Nf6 2. Nf3 d5 3. Bf4 Nc6 4. e3 Bg4 5. c3 e6 6. Nbd2 Bd6 7. Bg3 O-O 8. Bd3
e5 9. dxe5 Nxe5 10. Be2 Rc8 11. O-O c6 12. Nxe5 Bxe2 13. Nxf7 Bxd1 14. Nxd8 Be2
15. Rfe1 Rcxd8 16. Rxe2 Ne4 17. Bxd6 Rxd6 18. Rd1 Nc5 19. Nf3 Ne6 20. Red2 Nc5
21. c4 Ne4 22. Rd4 Rfd8 23. cxd5 c5 1-0

[Event "XIX Open Ricciardi"]
[Site "Gallarate ITA"]
[Date "2015.06.09"]
[Round "4"]
[White "Musso, Roberto"]
[Black "Novi', Giuseppe"]
[WhiteElo "1729"]
[BlackElo "1872"]
[Result "1-0"]
[PlyCount "39"]
[EventDate "2015.05.19"]

1. e4 c6 2. d4 d5 3. e5 Bf5 4. h4 h6 5. g4 Bh7 6. e6 fxe6 7. Bd3 g6 8. Nf3 Bg7
9. Bf4 Nd7 10. Qe2 Kf7 11. g5 h5 12. Ne5+ Nxe5 13. Bxe5 Qb6 14. Bxg7 Kxg7 15.
Qe5+ Nf6 16. Nd2 Rhf8 17. Nb3 Bg8 18. Rg1 Kh7 19. gxf6 Rxf6 20. Qxh5+ 1-0

[Event "XIX Open Ricciardi"]
[Site "Gallarate ITA"]
[Date "2015.06.09"]
[Round "4"]
[White "Picierro, Giuliano"]
[Black "Pogliano, Stefano"]
[WhiteElo "1854"]
[BlackElo "1898"]
[Result "0-1"]
[PlyCount "110"]
[EventDate "2015.05.19"]

1. d4 Nf6 2. Bf4 g6 3. e3 Bg7 4. Be2 c5 5. c3 Qb6 6. Qb3 d6 7. Nd2 Qxb3 8. axb3
Nc6 9. Ngf3 O-O 10. O-O Bf5 11. Nh4 Bd7 12. Nhf3 a6 13. Ra2 Rfe8 14. h3 e5 15.
dxe5 dxe5 16. Bh2 e4 17. Ne1 Ne5 18. Nc4 Nxc4 19. Bxc4 Bc6 20. Bd6 Bf8 21. Bxf8
Kxf8 22. Nc2 Rad8 23. Rc1 Rd2 24. b4 Nd7 25. bxc5 Nxc5 26. Nd4 b5 27. Nxc6 bxc4
28. Rca1 Rd6 29. Nd4 Rb8 30. Ra5 Rc8 31. R1a2 Rb6 32. Kh2 Ke7 33. Kg3 Kd6 34.
Kf4 Rcb8 35. Kg5 f5 36. Kh6 R8b7 37. h4 Nd3 38. Rxa6 Nxf2 39. h5 Ng4+ 40. Kg5
Nxe3 41. hxg6 hxg6 42. Kxg6 Ke5+ 43. Kg5 Rg7+ 44. Kh5 Rxa6 45. Rxa6 Rxg2 46.
Ra5+ Kf4 47. b4 cxb3 48. Nxb3 Nc4 49. Ra4 Ne5 50. Kh6 Rg6+ 51. Kh7 Kg5 52. Ra1
Ng4 53. Rg1 Rc6 54. Nd4 Rc7+ 55. Kh8 Kg6 0-1

[Event "XIX Open Ricciardi"]
[Site "Gallarate ITA"]
[Date "2015.06.09"]
[Round "4"]
[White "Trabucco, Ennio"]
[Black "Caccia, Andrea"]
[WhiteElo "1540"]
[BlackElo "1466"]
[Result "1-0"]
[PlyCount "75"]
[EventDate "2015.05.19"]

1. d4 Nf6 2. c4 d5 3. Nc3 c6 4. e3 Bf5 5. Nf3 h6 6. h3 e6 7. c5 Nbd7 8. Bd3 Ne4
9. Qc2 Ndf6 10. O-O Be7 11. Ne5 O-O 12. Ne2 Nh5 13. g4 Bh7 14. gxh5 Bh4 15. Nf3
f5 16. Nf4 Ng5 17. Nxh4 Nxh3+ 18. Nxh3 Qxh4 19. Kh2 g5 20. hxg6 Bxg6 21. Rg1
Rf6 22. f4 Kf7 23. Qf2 Qxf2+ 24. Nxf2 Rg8 25. Bd2 h5 26. Rg5 h4 27. Rag1 Bh7
28. Nh3 Rfg6 29. Be2 Kf6 30. Bh5 Rxg5 31. Rxg5 Bg6 32. Bxg6 Rxg6 33. Rxg6+ Kxg6
34. Kg2 Kh5 35. Kf3 b6 36. b4 bxc5 37. bxc5 a6 38. a4 1-0

[Event "XIX Open Ricciardi"]
[Site "Gallarate ITA"]
[Date "2015.06.09"]
[Round "4"]
[White "Vada, Riccardo"]
[Black "Brioschi, Camillo"]
[WhiteElo "1797"]
[BlackElo "1790"]
[Result "1-0"]
[PlyCount "121"]
[EventDate "2015.05.19"]

1. e4 e5 2. Nf3 Nc6 3. Bb5 a6 4. Ba4 Nf6 5. O-O Be7 6. Re1 b5 7. Bb3 O-O 8. c3
d6 9. h3 h6 10. d4 Re8 11. Nbd2 Bf8 12. a3 Na5 13. Bc2 c5 14. d5 c4 15. Nf1 Nb7
16. Ng3 g6 17. Be3 a5 18. Nh2 Nc5 19. Kh1 Ncd7 20. Qd2 Kh7 21. a4 Ba6 22. Ra2
Qc7 23. h4 Bg7 24. h5 Nf8 25. f4 Qd7 26. hxg6+ fxg6 27. f5 b4 28. cxb4 axb4 29.
Qxb4 Rab8 30. Qd2 g5 31. Rc1 Qb7 32. Bd1 Qb4 33. Qxb4 Rxb4 34. Bd2 Rb7 35. Bc3
N8d7 36. Ng4 Nxg4 37. Bxg4 Nf6 38. Bh5 Reb8 39. Kg1 Bf8 40. Bg6+ Kg7 41. Nh5+
Nxh5 42. Bxh5 Be7 43. Kf2 Bd8 44. a5 Kf6 45. Bg6 Be7 46. Ke3 g4 47. Kf2 Kg7 48.
Kg3 Bg5 49. Re1 Kf6 50. Kxg4 Bb5 51. Kh3 Ra7 52. Rea1 Rba8 53. Bh5 Bf4 54. g3
Bg5 55. Bd1 Rh8 56. Ba4 Rb8 57. Bxb5 Rxb5 58. Ra4 Kg7 59. Rxc4 Bd8 60. b4 Bb6
61. Kg4 1-0

[Event "XIX Open Ricciardi"]
[Site "Gallarate ITA"]
[Date "2015.06.09"]
[Round "4"]
[White "Viale, Daniele"]
[Black "Aspesi, Davide"]
[WhiteElo "1878"]
[BlackElo "1817"]
[Result "0-1"]
[PlyCount "106"]
[EventDate "2015.05.19"]

1. e4 c5 2. Ne2 Nc6 3. Nbc3 e6 4. d4 cxd4 5. Nxd4 d5 6. exd5 exd5 7. Be3 Bb4 8.
Bb5 Bd7 9. O-O Bxc3 10. bxc3 Nge7 11. Bd3 Ne5 12. Qh5 Nxd3 13. cxd3 O-O 14.
Rfc1 Be6 15. Rab1 b6 16. Rb4 Qd7 17. Nxe6 Qxe6 18. Rh4 Qg6 19. Qxg6 Nxg6 20.
Rh5 Rad8 21. Kf1 Rfe8 22. d4 Re6 23. c4 dxc4 24. Rxc4 f6 25. Rb5 h6 26. Rb2 Re4
27. Rbc2 Rd7 28. Rc8+ Kf7 29. g3 Rde7 30. h4 Nf8 31. Rd2 Rd7 32. Rd1 Ne6 33.
Kg2 Nc5 34. Rc1 Ne6 35. Rd1 Re5 36. Kf3 f5 37. h5 f4 38. gxf4 Rxh5 39. Kg4 Rhd5
40. f5 Nxd4 41. Bc1 h5+ 42. Kh3 Nb5 43. Rxd5 Rxd5 44. a4 Nd4 45. Rc7+ Kf6 46.
Bb2 Kxf5 47. Rxg7 a5 48. Rh7 Kg6 49. Rb7 Ne2 50. Rxb6+ Kg5 51. Rb5 Nf4+ 52. Kh2
Rxb5 53. axb5 Nd5 $138 0-1

[Event "XIX Open Ricciardi"]
[Site "Gallarate ITA"]
[Date "2015.06.16"]
[Round "5"]
[White "Alessandro, Sergio"]
[Black "Colusso, Ermes"]
[WhiteElo "1666"]
[BlackElo "1752"]
[Result "1-0"]
[PlyCount "61"]
[EventDate "2015.05.19"]

1. b4 c5 2. bxc5 e5 3. Bb2 Nc6 4. e3 Bxc5 5. f4 f6 6. fxe5 fxe5 7. Qh5+ g6 8.
Qf3 Qf6 9. Bc4 Qh4+ 10. Qg3 Qxg3+ 11. hxg3 Nf6 12. Nf3 d6 13. Ng5 d5 14. Bd3
Bf5 15. Bxf5 gxf5 16. Ne6 Bd6 17. Ng7+ Kf7 18. Nxf5 Bc7 19. Nc3 Ke6 20. Ng7+
Kd7 21. O-O-O Rag8 22. Rdf1 Rxg7 23. Rxf6 d4 24. Ne4 dxe3 25. dxe3 Bb6 26. Rd1+
Kc7 27. Rxc6+ Kxc6 28. Bxe5 Bxe3+ 29. Kb2 Re7 30. Rd6+ Kc7 31. Re6+ 1-0

[Event "XIX Open Ricciardi"]
[Site "Gallarate ITA"]
[Date "2015.06.16"]
[Round "5"]
[White "Aspesi, Davide"]
[Black "Pogliano, Stefano"]
[WhiteElo "1817"]
[BlackElo "1898"]
[Result "0-1"]
[PlyCount "106"]
[EventDate "2015.05.19"]

1. c4 c5 2. Nc3 Nc6 3. Nf3 g6 4. d4 cxd4 5. Nxd4 Bg7 6. Nxc6 bxc6 7. Qc2 Nf6 8.
g3 O-O 9. Bg2 d5 10. cxd5 cxd5 11. O-O Qc7 12. Bd2 Bb7 13. Rac1 Rac8 14. Qb3
Qd7 15. Rfd1 e6 16. Be3 Bc6 17. Bd4 Rb8 18. Qc2 Qb7 19. b3 Rbc8 20. Qd2 Nd7 21.
Bxg7 Kxg7 22. Qd4+ f6 23. e3 Nb6 24. e4 e5 25. Qb4 d4 26. Nb5 Bxb5 27. Qxb5 Rc7
28. f3 Rfc8 29. Rxc7+ Qxc7 30. Qd3 Qc2 31. a4 Qxd3 32. Rxd3 a5 33. Bh3 Rc1+ 34.
Kf2 Kf7 35. Bf1 Ke7 36. Ke2 Kd6 37. Rd1 Rc3 38. Rd3 Rc7 39. Bh3 Kc5 40. Be6 Kb4
41. Kd2 Rc6 42. Bg8 h6 43. h4 Nd7 44. Bd5 Rc7 45. Ke1 Nc5 46. Rd1 Nxb3 47. Rb1
Rc3 48. Kf2 Kxa4 49. g4 g5 50. hxg5 hxg5 51. Rh1 d3 52. Bxb3+ Kxb3 53. Ke3 Kc2
0-1

[Event "XIX Open Ricciardi"]
[Site "Gallarate ITA"]
[Date "2015.06.16"]
[Round "5"]
[White "Brioschi, Camillo"]
[Black "Viale, Daniele"]
[WhiteElo "1790"]
[BlackElo "1878"]
[Result "0-1"]
[PlyCount "34"]
[EventDate "2015.05.19"]

1. d4 d5 2. c4 e6 3. Nc3 c5 4. e3 cxd4 5. exd4 Nf6 6. Nf3 Be7 7. Bg5 Nc6 8. Be2
h6 9. Bh4 dxc4 10. Bxc4 a6 11. O-O b5 12. Be2 Bb7 13. Rc1 Rc8 14. a3 O-O 15.
Qd3 Nd5 16. Bxe7 Ncxe7 17. Qe4 Nxc3 0-1

[Event "XIX Open Ricciardi"]
[Site "Gallarate ITA"]
[Date "2015.06.16"]
[Round "5"]
[White "Cunati, Valerio"]
[Black "Belli, Alessandro"]
[WhiteElo "1699"]
[BlackElo "1511"]
[Result "1-0"]
[PlyCount "62"]
[EventDate "2015.05.19"]

1. d4 d5 2. Nf3 Nf6 3. c4 e6 4. Nc3 c5 5. Bg5 Be7 6. e3 O-O 7. cxd5 cxd4 8.
Nxd4 exd5 9. Bd3 Nc6 10. Nf3 Be6 11. O-O Qd7 12. Rc1 Rac8 13. Bb1 Bf5 14. Bxf5
Qxf5 15. Qb3 Na5 16. Qb5 Rc5 17. Qe2 h6 18. Bf4 Nh5 19. b4 Nxf4 20. exf4 Rxc3
21. Rxc3 Bf6 22. Rd3 Nc4 23. g3 Qe4 24. Re1 Re8 25. Qc2 Qxe1+ 26. Nxe1 Rxe1+
27. Kg2 b5 28. Rxd5 a6 29. Rc5 g6 30. Rc6 Re6 31. Rxe6 fxe6 1-0

[Event "XIX Open Ricciardi"]
[Site "Gallarate ITA"]
[Date "2015.06.16"]
[Round "5"]
[White "Mazzarone, Maurizio"]
[Black "Picierro, Giuliano"]
[WhiteElo "1935"]
[BlackElo "1854"]
[Result "1-0"]
[PlyCount "67"]
[EventDate "2015.05.19"]

1. d4 Nf6 2. Nf3 d5 3. Bf4 c5 4. c3 Nc6 5. e3 Qb6 6. Qb3 c4 7. Qxb6 axb6 8. Na3
Rxa3 9. bxa3 Bf5 10. Be2 h6 11. a4 Kd7 12. O-O e6 13. a3 Be7 14. Nd2 Ra8 15. f3
Na5 16. e4 dxe4 17. Nxc4 Nxc4 18. Bxc4 exf3 19. gxf3 Rg8 20. Rfd1 g5 21. Be5
Nd5 22. Bb5+ Kd8 23. c4 Ne3 24. Rd2 g4 25. Kf2 Bg5 26. f4 g3+ 27. Kxe3 Bh4 28.
d5 gxh2 29. dxe6+ Ke7 30. Rxh2 Rg3+ 31. Kd2 Rd3+ 32. Ke2 Bg3 33. Rxh6 fxe6 34.
Rd1 1-0

[Event "XIX Open Ricciardi"]
[Site "Gallarate ITA"]
[Date "2015.06.16"]
[Round "5"]
[White "Milu, Tatiana"]
[Black "Trabucco, Ennio"]
[WhiteElo "1629"]
[BlackElo "1540"]
[Result "1-0"]
[PlyCount "54"]
[EventDate "2015.05.19"]

1. d4 d5 2. c3 e6 3. f4 Nf6 4. Nf3 Nc6 5. e3 Be7 6. Bd3 h6 7. Nbd2 O-O 8. O-O
Ng4 9. Qe2 f5 10. Ne5 Ngxe5 11. fxe5 Bg5 12. Nf3 Bd7 13. Nxg5 hxg5 14. c4 Ne7
15. Qh5 dxc4 16. Bxc4 Nd5 17. Qd1 Qe7 18. Qd3 c6 19. a3 g6 20. Bd2 Rf7 21. e4
Nb6 22. exf5 Nxc4 23. f6 Nxe5 24. dxe5 Qc5+ 25. Qe3 Qxe3+ 26. Bxe3 b6 27. Bxg5
c5 1-0

[Event "XIX Open Ricciardi"]
[Site "Gallarate ITA"]
[Date "2015.06.16"]
[Round "5"]
[White "Novi', Giuseppe"]
[Black "Garcia Rubi, Juan"]
[WhiteElo "1872"]
[BlackElo "1422"]
[Result "1-0"]
[PlyCount "77"]
[EventDate "2015.05.19"]

1. e4 e5 2. Nf3 Nc6 3. Bb5 a6 4. Ba4 Nf6 5. O-O b5 6. Bb3 d6 7. d3 h6 8. h3 Be7
9. c3 Na5 10. Bc2 c5 11. Nbd2 O-O 12. b4 cxb4 13. cxb4 Nc6 14. a3 Bb7 15. Re1
Rc8 16. Nf1 Nd7 17. Ng3 Nd4 18. Nxd4 exd4 19. Bb2 Bf6 20. Bb3 g6 21. f4 Kh7 22.
Qg4 Bg7 23. Rac1 Nf6 24. Qe2 Qd7 25. Bxd4 Rfe8 26. Be3 Re7 27. f5 Rce8 28. Qf2
Bc6 29. Bd4 Qb7 30. fxg6+ fxg6 31. Bxf6 Rf8 32. Nh5 gxh5 33. Qf5+ Kh8 34. Bxg7+
Kxg7 35. Qxh5 Re5 36. Qe2 d5 37. Qb2 Rfe8 38. exd5 Bxd5 39. Rxe5 1-0

[Event "XIX Open Ricciardi"]
[Site "Gallarate ITA"]
[Date "2015.06.16"]
[Round "5"]
[White "Vada, Riccardo"]
[Black "Musso, Roberto"]
[WhiteElo "1797"]
[BlackElo "1729"]
[Result "1-0"]
[PlyCount "69"]
[EventDate "2015.05.19"]

1. e4 d5 2. e5 c5 3. Nf3 Nc6 4. Bb5 e6 5. O-O Nge7 6. c3 a6 7. Ba4 b5 8. Bc2 c4
9. d4 cxd3 10. Bxd3 Ng6 11. Re1 Bd7 12. Nbd2 Be7 13. Nb3 O-O 14. Nbd4 Qc7 15.
Qe2 Na5 16. h4 Bxh4 17. Nxh4 Nxh4 18. Bxh7+ Kxh7 19. Qh5+ Kg8 20. Qxh4 Nc4 21.
Nf3 f6 22. b3 Nxe5 23. Rxe5 Qxc3 24. Re1 Qxa1 25. Ba3 Qxe1+ 26. Nxe1 Rf7 27.
Nd3 Re8 28. Qd4 Bc8 29. Nc5 Rd8 30. f4 a5 31. Bb2 Rd6 32. a3 Re7 33. Ne4 e5 34.
Qc5 Rde6 35. f5 1-0

[Event "XIX Open Ricciardi"]
[Site "Gallarate ITA"]
[Date "2015.06.23"]
[Round "6"]
[White "Alessandro, Sergio"]
[Black "Aspesi, Davide"]
[WhiteElo "1666"]
[BlackElo "1817"]
[Result "0-1"]
[PlyCount "104"]
[EventDate "2015.05.19"]

1. b4 c5 2. bxc5 e5 3. Bb2 Nc6 4. d4 exd4 5. Bxd4 Nf6 6. Nf3 Nxd4 7. Qxd4 Qa5+
8. Nbd2 Qxc5 9. e3 Be7 10. Bd3 O-O 11. O-O d5 12. Qh4 h6 13. Nb3 Qd6 14. Nbd4
Ne4 15. Qh5 f5 16. c4 dxc4 17. Bxc4+ Kh7 18. Qh3 g6 19. Rad1 Qf6 20. Nd2 Ng5
21. Qg3 Bd7 22. Qc7 Ba4 23. Rb1 b6 24. Ba6 Nf7 25. Qc4 Bd7 26. Rfc1 Ne5 27. Qb3
Bc5 28. N2f3 h5 29. a4 Kh6 30. Nxe5 Qxe5 31. Bb7 Rad8 32. Nc6 Bxc6 33. Bxc6 Rf6
34. Bf3 Rfd6 35. h4 f4 36. exf4 Qxf4 37. Qc4 Rd4 38. Qe6 Rxa4 39. Rxc5 bxc5 40.
Qe7 Qxh4 41. Qxc5 Ra2 42. g3 Qd4 43. Qxd4 Rxd4 44. Ba8 Rdd2 45. f4 Ra3 46. Rb8
Rxg3+ 47. Kf1 Ra3 48. Ke1 Rda2 49. Bd5 Rc2 50. Rh8+ Kg7 51. Rg8+ Kh7 52. Kd1
Rh2 0-1

[Event "XIX Open Ricciardi"]
[Site "Gallarate ITA"]
[Date "2015.06.23"]
[Round "6"]
[White "Belli, Alessandro"]
[Black "Trabucco, Ennio"]
[WhiteElo "1511"]
[BlackElo "1540"]
[Result "0-1"]
[PlyCount "54"]
[EventDate "2015.05.19"]

1. e4 e5 2. Nf3 Nc6 3. Bc4 Bc5 4. O-O Nf6 5. d3 h6 6. Nc3 O-O 7. h3 a6 8. Nd5
d6 9. Bd2 Be6 10. Qe2 Bxd5 11. Bxd5 Nxd5 12. exd5 Ne7 13. c4 Ng6 14. Be3 Bxe3
15. fxe3 f5 16. Qd2 Qd7 17. d4 e4 18. Nh2 Qe7 19. Qb4 Qg5 20. Rae1 f4 21. exf4
Nxf4 22. Ng4 h5 23. Ne3 Nxh3+ 24. Kh2 Nf2 25. Kg1 Qh4 26. Rxf2 Qxf2+ 27. Kh2
Rf4 0-1

[Event "XIX Open Ricciardi"]
[Site "Gallarate ITA"]
[Date "2015.06.23"]
[Round "6"]
[White "Caccia, Andrea"]
[Black "Garcia Rubi, Juan"]
[WhiteElo "1466"]
[BlackElo "1422"]
[Result "1/2-1/2"]
[PlyCount "53"]
[EventDate "2015.05.19"]

1. e4 e5 2. Nf3 Nc6 3. Bc4 d6 4. Nc3 Be7 5. d3 Na5 6. Nd5 Nxc4 7. dxc4 h6 8.
Nxe7 Qxe7 9. h3 Nf6 10. Qe2 b6 11. b3 Bb7 12. Nd2 O-O 13. Bb2 Rad8 14. a4 a5
15. O-O Nd7 16. f4 exf4 17. Rxf4 f5 18. Raf1 Rde8 19. Rxf5 Rxf5 20. Rxf5 Bxe4
21. Nxe4 Qxe4 22. Qh5 Re7 23. Rf2 Qe1+ 24. Rf1 Qe4 25. Rf2 Qe1+ 26. Rf1 Qe4 27.
Rf2 1/2-1/2

[Event "XIX Open Ricciardi"]
[Site "Gallarate ITA"]
[Date "2015.06.23"]
[Round "6"]
[White "Colusso, Ermes"]
[Black "Novi', Giuseppe"]
[WhiteElo "1752"]
[BlackElo "1872"]
[Result "1-0"]
[PlyCount "89"]
[EventDate "2015.05.19"]

1. e4 c6 2. d4 d5 3. e5 Bf5 4. Ne2 e6 5. Ng3 Bg6 6. h4 h6 7. h5 Bh7 8. Bd3 Bxd3
9. cxd3 c5 10. Be3 cxd4 11. Bxd4 Nc6 12. Qa4 a6 13. Be3 b5 14. Qf4 Bb4+ 15. Bd2
Nge7 16. Bxb4 O-O 17. O-O a5 18. Bxe7 Qxe7 19. a3 f6 20. exf6 Rxf6 21. Qe3 Qd6
22. Nd2 Ne5 23. Qe2 Raf8 24. Rae1 Nc6 25. Nb3 a4 26. Nd2 Nd4 27. Qe5 Qb6 28.
Qe3 Qa7 29. Ne2 Nxe2+ 30. Qxe2 Qd4 31. Nf3 Rxf3 32. gxf3 Rf6 33. Qe5 Qh4 34.
Qh2 Qg5+ 35. Kh1 Rxf3 36. Rg1 Qf5 37. Qb8+ Kh7 38. Rxg7+ Kxg7 39. Rg1+ Kf7 40.
Qc7+ Kf8 41. Qd8+ Kf7 42. Qg8+ Ke7 43. Rg7+ Kd6 44. Qb8+ Kc5 45. Qc7+ 1-0

[Event "XIX Open Ricciardi"]
[Site "Gallarate ITA"]
[Date "2015.06.23"]
[Round "6"]
[White "Cova, Ennio"]
[Black "Musso, Roberto"]
[WhiteElo "1622"]
[BlackElo "1729"]
[Result "1-0"]
[PlyCount "65"]
[EventDate "2015.05.19"]

1. e4 c5 2. Nf3 d6 3. Nc3 e6 4. d4 cxd4 5. Nxd4 a6 6. g3 Nf6 7. Bg2 Be7 8. O-O
O-O 9. a4 Nc6 10. Nxc6 bxc6 11. e5 Nd5 12. exd6 Qxd6 13. Ne4 Qc7 14. c4 Nf6 15.
Qc2 Nxe4 16. Qxe4 Bd7 17. Bf4 Qb6 18. Qc2 Rfd8 19. Rfd1 Be8 20. a5 Rxd1+ 21.
Qxd1 Qc5 22. Qa4 Rd8 23. Be3 Qd6 24. c5 Qc7 25. b4 Qb7 26. h4 Bf6 27. Rb1 Bc3
28. Qb3 Bf6 29. Bf3 Qc7 30. Rd1 Rxd1+ 31. Qxd1 Qe5 32. Qd3 Qc3 33. Qxa6 1-0

[Event "XIX Open Ricciardi"]
[Site "Gallarate ITA"]
[Date "2015.06.23"]
[Round "6"]
[White "Milu, Tatiana"]
[Black "Brioschi, Camillo"]
[WhiteElo "1629"]
[BlackElo "1790"]
[Result "1/2-1/2"]
[PlyCount "78"]
[EventDate "2015.05.19"]

1. d4 d5 2. c3 Nf6 3. f4 Nbd7 4. Nf3 Ne4 5. e3 e6 6. Bd3 Be7 7. O-O Ndf6 8.
Nbd2 c5 9. Qc2 Nxd2 10. Qxd2 Bd7 11. Qe2 Ne4 12. Qc2 f5 13. Ne5 O-O 14. Nxd7
Qxd7 15. Bd2 Rac8 16. Qd1 g5 17. Bxe4 dxe4 18. fxg5 Bxg5 19. Qe2 Kh8 20. Be1
Rg8 21. Bg3 Rg6 22. Be5+ Bf6 23. Bxf6+ Rxf6 24. Qh5 cxd4 25. exd4 Qg7 26. Rae1
Rg8 27. Qe2 Rg6 28. g3 Rg4 29. Qe3 Qg5 30. Qxg5 R8xg5 31. Kh1 h5 32. Re2 h4 33.
gxh4 Rxh4 34. Rg1 Rxg1+ 35. Kxg1 Rh3 36. Kg2 Rd3 37. Kf1 e3 38. Kg2 Rd2 39. Kf3
f4 1/2-1/2

[Event "XIX Open Ricciardi"]
[Site "Gallarate ITA"]
[Date "2015.06.23"]
[Round "6"]
[White "Pogliano, Stefano"]
[Black "Mazzarone, Maurizio"]
[WhiteElo "1898"]
[BlackElo "1935"]
[Result "1/2-1/2"]
[PlyCount "81"]
[EventDate "2015.05.19"]

1. e4 e6 2. e5 d5 3. exd6 cxd6 4. d4 Nf6 5. Nf3 Be7 6. Be2 d5 7. O-O O-O 8. b3
Nc6 9. c4 b6 10. Bb2 Bb7 11. Nbd2 Rc8 12. a3 Qc7 13. Rc1 dxc4 14. bxc4 Rfd8 15.
Rc2 Na5 16. Bd3 Qd7 17. Qe2 Rc7 18. Ne5 Qa4 19. Nb1 Nd7 20. Bxh7+ Kf8 21. Bd3
Nxe5 22. Qxe5 Qd7 23. Qh5 Bf6 24. Be2 Qc8 25. Nd2 Bxd4 26. Bxd4 Rxd4 27. Qh8+
Ke7 28. Qxg7 Rcd7 29. Qg5+ Kf8 30. Rc3 Qd8 31. Qxd8+ Rxd8 32. Nb3 Nxb3 33. Rxb3
Rd2 34. Re3 Rc2 35. h4 Rdd2 36. Re1 Kg7 37. g4 Ba6 38. Re4 Bb7 39. Re3 Ba6 40.
Re4 Bb7 41. Re3 1/2-1/2

[Event "XIX Open Ricciardi"]
[Site "Gallarate ITA"]
[Date "2015.06.23"]
[Round "6"]
[White "Viale, Daniele"]
[Black "Vada, Riccardo"]
[WhiteElo "1878"]
[BlackElo "1797"]
[Result "1-0"]
[PlyCount "105"]
[EventDate "2015.05.19"]

1. d4 d6 2. e4 e5 3. Nf3 exd4 4. c3 dxc3 5. Bc4 Nc6 6. Qb3 Na5 7. Bxf7+ Ke7 8.
Bg5+ Nf6 9. Qxc3 Kxf7 10. Qxa5 Be7 11. O-O b6 12. Qa4 Bd7 13. Qc2 h6 14. e5
hxg5 15. Nxg5+ Kf8 16. exf6 Bxf6 17. f4 Bd4+ 18. Kh1 Qe8 19. Nd2 Rxh2+ 20. Kxh2
Qh5+ 21. Nh3 Bxh3 22. gxh3 Qe2+ 23. Kg3 Re8 24. Qf5+ Bf6 25. Nf3 Re3 26. Rf2
Qa6 27. Re1 Rxe1 28. Nxe1 c6 29. Qe6 Qb7 30. Re2 Qb8 31. Kg4 Qd8 32. Kf5 Qe7
33. Qxe7+ Bxe7 34. Ke6 d5 35. Kd7 Bf6 36. Kxc6 d4 37. Nd3 Kf7 38. f5 Bg5 39.
Re6 Bh4 40. Kb7 Bg3 41. Kxa7 b5 42. Kb6 b4 43. Kc5 Bh2 44. Kxb4 g6 45. Rxg6 Bc7
46. h4 Bd8 47. h5 Be7+ 48. Kc4 Bd8 49. Kd5 Bh4 50. Ne5+ Kf8 51. Ke6 Bf2 52.
Nd7+ Ke8 53. Rg8# 1-0